| 000 | 00879cab a22001935a 4500 | ||
|---|---|---|---|
| 001 | L152783 | ||
| 008 | 110427e20110416xxk 000 0 eng d | ||
| 035 | _a(Sirsi) u152783 | ||
| 041 | 0 | _aeng | |
| 100 | 1 | _aKeeping, Miles | |
| 245 | 0 | 4 | _aThe right tools for the job |
| 490 |
_aEstates Gazette _v(1115) 16 April 2011, 86(1) |
||
| 520 | _aConsiders the latest toolkit from the Better Buildings Partnership (BBP) which is aimed at improving the sustainabillity of buildings and encouraging managing agents to use best practice. Examines the contents alongside previous toolkits from the BBP such as the Green Lease Toolkit and the Green Building Management Toolkit. For the sustainability toolkit (http://bot.ly/fY322L). | ||
| 590 | _aKA | ||
| 651 | 4 |
_aUnited Kingdom _y |
|
| 690 | _aENVIRONMENTAL AND LAND CONSULTANCY-SUSTAINABILITY | ||
| 700 | 1 | _aBugden, Keith | |
| 942 | _n0 | ||
| 999 |
_c83089 _d83089 |
||